| 000 | 00747nam a22001937a 4500 | ||
|---|---|---|---|
| 005 | 20180212101808.0 | ||
| 010 | _a1718EN-30 | ||
| 020 |
_a9789332578616 _c719.00 |
||
| 035 | _aB-684012-4031 | ||
| 037 |
_bBSB _adpl |
||
| 082 | _a005.54 | ||
| 100 | _a McFedries, Paul | ||
| 245 |
_aExcell 2016 formulas and functions / _cby Paul McFedries |
||
| 260 |
_c2017 _aNoida _bPearson India |
||
| 270 |
_a15th Floor,, Tower-B, World Trade, Plot No.1, Block-C, Sector-16, _bNoida _e201301 |
||
| 300 |
_c23cm(pbk) _axii,508p. : _bill. |
||
| 942 |
_cEN _2ddc _mMCF _h005.54 |
||
| 999 |
_c144309 _d144309 |
||